|
|
|
|
| LEADER |
00000nam0a2200000 4500 |
| 001 |
32181 |
| 005 |
20231030204756.0 |
| 010 |
|
|
|a 5762502899
|
| 035 |
|
|
|a (RuTPU)RU\TPU\book\32477
|
| 035 |
|
|
|a BOOK00000052
|
| 090 |
|
|
|a 32181
|
| 100 |
|
|
|a 20011210d1992 u y0rusy50 ca
|
| 101 |
0 |
|
|a rus
|
| 102 |
|
|
|a RU
|
| 105 |
|
|
|a a f 000|y
|
| 200 |
1 |
|
|a Макраме - это просто!
|e Пособие для начинающих
|f Л. В. Постникова
|
| 210 |
|
|
|a Пермь
|c Пермская книга
|d 1992
|
| 215 |
|
|
|a 351 с.
|c ил.
|
| 225 |
1 |
|
|a Домашние вечера
|
| 320 |
|
|
|a Библиогр.: с. 344.
|
| 610 |
1 |
|
|a рукоделие
|
| 610 |
1 |
|
|a макраме
|
| 610 |
1 |
|
|a учебные пособия
|
| 675 |
|
|
|a 64(07)
|v 3
|
| 700 |
|
1 |
|a Постникова
|g Любовь Валентиновна
|
| 801 |
|
0 |
|a RU
|b 63413507
|c 20011210
|g PSBO
|
| 801 |
|
2 |
|a RU
|b 63413507
|c 20170112
|g RCR
|
| 942 |
|
|
|c BK
|